000 00689nam a2200241Ia 4500
003 GCL
005 20240530095252.0
008 140319s9999 xx 000 0 ara d
020 _a8175887917
040 _aGCL /
_cGCL
082 0 4 _a813.02
_bط/م س
100 1 _aمصطفى بيومى
245 1 0 _aسوزان مبارك /
_cمصطفى بيومى
250 _aالاولى
260 _aالقاهرة :
_bدار الاحمدى للنشر ،
_c1999
300 _a46 ص ؛
_c15 سم
650 0 4 _aقصص الاطفال
650 0 4 _aقاسم امين
650 0 4 _aهدى شعراوى
650 0 4 _aصفية زغلول
650 0 4 _aسوزان مبارك
942 _2ddc
_cBK
999 _c5638
_d5638